| 000 -LEADER |
| fixed length control field |
00738cam a2200205 a 4500 |
| 020 ## - INTERNATIONAL STANDARD BOOK NUMBER |
| ISBN |
9780821374917 |
| 020 ## - INTERNATIONAL STANDARD BOOK NUMBER |
| ISBN |
0821374915 |
| 020 ## - INTERNATIONAL STANDARD BOOK NUMBER |
| ISBN |
9780821374924 (electronic) |
| 020 ## - INTERNATIONAL STANDARD BOOK NUMBER |
| ISBN |
0821374923 (electronic) |
| 040 ## - CATALOGING SOURCE |
| Transcribing agency |
DLC |
| 082 00 - DEWEY DECIMAL CLASSIFICATION NUMBER |
| Classification number |
338 WOR 2008 A070 Or. |
| 245 04 - TITLE STATEMENT |
| Title |
The growth report : |
| Remainder of title |
strategies for sustained growth and inclusive development / |
| 260 ## - PUBLICATION, DISTRIBUTION, ETC. (IMPRINT) |
| Place of publication |
Washington DC : |
| Name of publisher |
World Bank on behalf of the Commission on Growth and Development, |
| Year of publication |
c2008. |
| 300 ## - PHYSICAL DESCRIPTION |
| Number of Pages |
xiii, 180 p. : |
| Other physical details |
ill. (chiefly col.), col. map ; |
| Dimensions |
28 cm. |
| 650 #0 - SUBJECT ADDED ENTRY--TOPICAL TERM |
| Topical Term |
Economic development |
| 710 2# - ADDED ENTRY--CORPORATE NAME |
| Corporate name or jurisdiction name as entry element |
World Bank. |
| 710 2# - ADDED ENTRY--CORPORATE NAME |
| Corporate name or jurisdiction name as entry element |
Commission on Growth and Development. |
| 856 41 - ELECTRONIC LOCATION AND ACCESS |
| Uniform Resource Identifier |
http://www.loc.gov/catdir/toc/ecip0823/2008029523.html |
| 942 ## - ADDED ENTRY ELEMENTS (KOHA) |
| Koha item type |
សៀវភៅភាសាអង់គ្លេស |
| 952 ## - LOCATION AND ITEM INFORMATION (KOHA) |
| Withdrawn status [LOCAL, KOHA] |
0 |